[Event "Wch Rapid"]
[Site "Samarkand"]
[Date "2023.12.28"]
[Round "10"]
[White "Mitrabha, Guha"]
[Black "Jobava, Baadur"]
[Result "1-0"]
[WhiteElo "2508"]
[BlackElo "2591"]
[PlyCount "91"]
[EventDate "2023.12.26"]
[EventType "swiss (rapid)"]
[EventRounds "13"]
[EventCountry "UZB"]
[SourceTitle "CB01_2024"]
[SourceDate "2024.01.03"]
[SourceVersion "1"]
[SourceVersionDate "2024.01.03"]
[SourceQuality "1"]

1. d4 Nf6 2. c4 c5 3. Nf3 cxd4 4. Nxd4 e5 5. Nb5 d5 6. cxd5 Bc5 7. e3 0-0 8. N5c3 Bf5 9. Be2 Na6 10. a3 Nc7 11. b4 Be7 12. Bb2 Re8 13. Nd2 Ncxd5 14. Nc4 Nxc3 15. Bxc3 Nd5 16. Bxe5 Bf6 17. Qd4 Rxe5 18. Nxe5 Qc7 19. f4 Rd8 20. Qc5 Qxc5 21. bxc5 Nxe3 22. Kf2 Nd5 23. Rad1 Nxf4 24. Rxd8+ Bxd8 25. Bc4 Be7 26. Nxf7 Bxc5+ 27. Kf3 Be6 28. Ne5 Bxc4 29. Nxc4 Ne6 30. a4 b5 31. axb5 Nd4+ 32. Ke4 Nxb5 33. Kd5 Be7 34. Ra1 Bf6 35. Ra5 Nc3+ 36. Ke6 Ne2 37. g3 Nd4+ 38. Kd7 Nf3 39. h3 Kf7 40. Nd6+ Kg8 41. Rxa7 h5 42. Ne4 Kf7 43. Kd6+ Kg6 44. Nxf6 gxf6 45. Ra4 Ne5 46. Ke6 1-0

[Event "EU-ch Blitz"]
[Site "Zagreb"]
[Date "2023.12.16"]
[Round "11"]
[White "Baidetsky, Valentin"]
[Black "Jobava, Baadur"]
[Result "1-0"]
[WhiteElo "2488"]
[BlackElo "2591"]
[PlyCount "55"]
[EventDate "2023.12.16"]
[EventType "swiss (blitz)"]
[EventRounds "13"]
[EventCountry "CRO"]
[SourceTitle "CB51_2023"]
[SourceDate "2023.12.20"]
[SourceVersion "1"]
[SourceVersionDate "2023.12.20"]
[SourceQuality "1"]

1. e4 c5 2. Nf3 e6 3. c3 d5 4. exd5 Qxd5 5. d4 Nf6 6. Nbd2 Nc6 7. Bc4 Qd8 8. dxc5 Bxc5 9. 0-0 0-0 10. Qe2 Be7 11. Nb3 Qc7 12. Bg5 Bd7 13. Rad1 Rad8 14. Bd3 h6 15. Bh4 Nh5 16. Bxe7 Nxe7 17. Qe4 Nf6 18. Qe5 Qb6 19. Qc5 Qxc5 20. Nxc5 Bc8 21. Nb3 b6 22. Nbd4 Bb7 23. Ne5 Rd5 24. f4 Rfd8 25. Bc4 R5d6 26. Nxf7 Kxf7 27. Nxe6 Bd5 28. Bxd5 1-0

[Event "EU-chT 24th"]
[Site "Budva"]
[Date "2023.11.12"]
[Round "2.14"]
[White "Risteski, Emil"]
[Black "Jobava, Baadur"]
[Result "0-1"]
[WhiteElo "2379"]
[BlackElo "2568"]
[PlyCount "82"]
[EventDate "2023.11.11"]
[EventType "team-swiss"]
[EventRounds "9"]
[EventCountry "MNE"]
[SourceTitle "CB47_2023"]
[SourceDate "2023.11.22"]
[SourceVersion "1"]
[SourceVersionDate "2023.11.22"]
[SourceQuality "1"]
[WhiteTeam "North Macedonia"]
[BlackTeam "Georgia"]
[WhiteTeamCountry "MKD"]
[BlackTeamCountry "GEO"]

1. e4 e5 2. Nf3 Nf6 3. Nc3 d6 4. d4 Nbd7 5. h3 exd4 6. Qxd4 c6 7. Be3 Be7 8. 0-0-0 0-0 9. g4 Nb6 10. g5 Ne8 11. Rg1 Nc7 12. Nh4 g6 13. f4 d5 14. Qd3 Re8 15. f5 Na6 16. a3 Nc4 17. Qxc4 dxc4 18. Rxd8 Bxd8 19. Bxc4 b5 20. Ba2 b4 21. axb4 Nxb4 22. Bb3 Bb6 23. Bxb6 axb6 24. Kd2 Kg7 25. Rf1 Ra7 26. Ke3 Na6 27. Kf4 Nc5 28. Nf3 b5 29. Ne5 b4 30. Ne2 Ba6 31. Rf2 gxf5 32. exf5 f6 33. gxf6+ Kxf6 34. Ng3 Bb5 35. Nh5+ Ke7 36. Rg2 Ra1 37. f6+ Kd6 38. f7 Rf1+ 39. Nf3 Rf8 40. Rg7 Nxb3 41. cxb3 Be2 0-1